000 00797nam a2200253 a 4500
001 51225
003 BD-RjUL
005 20211209075628.0
008 160830s1965 nyua 001 0 eng d
035 _a(BD-RjUL)51345
040 _aDLC/ICU
_cCGU
_dm.c
_dBD-RjUL
_beng
041 _aeng
082 _223
_a519.57
_bPEB 1965
100 1 _aPearce, S. C.
_9153253
245 1 0 _aBiological statistics :
_ban introduction /
_cS.C. Pearce.
260 _aNew York :
_bMcGraw-Hill Book Co.,
_cc1965.
300 _axiii, 212 p. :
_bill. ;
_c23 cm
490 _aMcGraw-Hill series in probability and statistics
500 _aIncludes index.
650 0 _aExperimental design
_9153254
650 0 _aBiometry
_9153255
830 0 _aMcGraw-Hill series in probability and statistics
_9136442
942 _2ddc
_cBK
999 _c51225
_d51225